|
|
|
|
| LEADER |
01747nam a2200421 i 4500 |
| 001 |
EBC4513833 |
| 003 |
MiAaPQ |
| 005 |
20200520144314.0 |
| 006 |
m o d | |
| 007 |
cr cnu|||||||| |
| 008 |
160519t20162016enka o 000 0 eng d |
| 020 |
|
|
|z 9781138650077
|
| 020 |
|
|
|a 9781317232018 (e-book)
|
| 035 |
|
|
|a (MiAaPQ)EBC4513833
|
| 035 |
|
|
|a (Au-PeEL)EBL4513833
|
| 035 |
|
|
|a (CaPaEBR)ebr11208153
|
| 035 |
|
|
|a (CaONFJC)MIL916551
|
| 035 |
|
|
|a (OCoLC)950463957
|
| 040 |
|
|
|a MiAaPQ
|b eng
|e rda
|e pn
|c MiAaPQ
|d MiAaPQ
|
| 043 |
|
|
|a a-ii---
|
| 050 |
|
4 |
|a HD70.I4
|b .I535 2016
|
| 082 |
0 |
|
|a 658.400954
|2 23
|
| 245 |
0 |
0 |
|a Indian culture and work organisations in transition /
|c edited by Ashish Malik and Vijay Pereira.
|
| 264 |
|
1 |
|a London, [England] ;
|a New York, New York :
|b Routledge,
|c 2016.
|
| 264 |
|
4 |
|c 2016
|
| 300 |
|
|
|a 1 online resource (239 pages) :
|b illustrations, tables
|
| 336 |
|
|
|a text
|2 rdacontent
|
| 337 |
|
|
|a computer
|2 rdamedia
|
| 338 |
|
|
|a online resource
|2 rdacarrier
|
| 588 |
|
|
|a Description based on online resource; title from PDF title page (ebrary, viewed May 20, 2016).
|
| 590 |
|
|
|a Electronic reproduction. Ann Arbor, MI : ProQuest, 2016. Available via World Wide Web. Access may be limited to ProQuest affiliated libraries.
|
| 650 |
|
0 |
|a Industrial management
|z India.
|
| 655 |
|
4 |
|a Electronic books.
|
| 700 |
1 |
|
|a Malik, Ashish,
|e editor.
|
| 700 |
1 |
|
|a Pereira, Vijay,
|e editor.
|
| 776 |
0 |
8 |
|i Print version:
|t Indian culture and work organisations in transition.
|d London, [England] ; New York, New York : Routledge, c2016
|h approximately 239 pages
|z 9781138650077
|
| 797 |
2 |
|
|a ProQuest (Firm)
|
| 856 |
4 |
0 |
|u https://ebookcentral.proquest.com/lib/matrademy/detail.action?docID=4513833
|z Click to View
|